000 00910cad a22002175a 4500
001 L157064
008 120828s2012 xxk f 000 0 eng d
035 _a(Sirsi) u157064
041 0 _aeng
110 2 _aSavills
_92020
245 0 0 _aSpecial report
_bRenting vs buying[electronic resource]
260 _aLondon
_bSavills
_c2012
260 _aLondon
_bRightmove
_c2012
520 _aCompares the relative costs of renting verses buying a residential property. Concludes that whilst renting is cheaper in the short term, aspiring home owners should be prepared to incur short term additional costs of buying to benefit from long term gain.
590 _aKA NTK
651 4 _aUNITED KINGDOM
690 _aResidential property
_96266
710 1 _aRightmove
856 4 0 _uhttps://pdf.euro.savills.co.uk/uk/residential---other/rent-buying-hr.pdf
_zView the report at www.savills.co.uk website
942 _n0
999 _c114567
_d114567